<?xml version="1.0" encoding="UTF-8"?><marc:collection xmlns:marc="http://www.loc.gov/MARC21/slim">
  <marc:record>
    <marc:leader>00000nam  2200000za 4500</marc:leader>
    <marc:controlfield tag="001">9.838202</marc:controlfield>
    <marc:controlfield tag="003">CaOODSP</marc:controlfield>
    <marc:controlfield tag="005">20241105150742</marc:controlfield>
    <marc:controlfield tag="007">cr |||||||||||</marc:controlfield>
    <marc:controlfield tag="008">170829s2017    quca    o    f000 0 fre d</marc:controlfield>
    <marc:datafield tag="020" ind1=" " ind2=" ">
      <marc:subfield code="a">978-0-660-08797-9</marc:subfield>
      <marc:subfield code="z">978-0-660-08795-5</marc:subfield>
    </marc:datafield>
    <marc:datafield tag="040" ind1=" " ind2=" ">
      <marc:subfield code="a">CaOODSP</marc:subfield>
      <marc:subfield code="b">fre</marc:subfield>
    </marc:datafield>
    <marc:datafield tag="043" ind1=" " ind2=" ">
      <marc:subfield code="a">n-cn---</marc:subfield>
    </marc:datafield>
    <marc:datafield tag="086" ind1="1" ind2=" ">
      <marc:subfield code="a">Iu71-1/2-2017F-PDF</marc:subfield>
      <marc:subfield code="z">Iu71-1/2-2017</marc:subfield>
    </marc:datafield>
    <marc:datafield tag="110" ind1="2" ind2=" ">
      <marc:subfield code="a">Office de la propriété intellectuelle du Canada.</marc:subfield>
    </marc:datafield>
    <marc:datafield tag="245" ind1="1" ind2="0">
      <marc:subfield code="a">Office de la propriété intellectuelle du Canada - stratégie d’affaires quinquennale, 2017-2022 </marc:subfield>
      <marc:subfield code="h">[ressource électronique].</marc:subfield>
    </marc:datafield>
    <marc:datafield tag="260" ind1=" " ind2=" ">
      <marc:subfield code="a">Gatineau, Qué. : </marc:subfield>
      <marc:subfield code="b">Office de la propriété intellectuelle du Canada, </marc:subfield>
      <marc:subfield code="c">[2017]</marc:subfield>
    </marc:datafield>
    <marc:datafield tag="300" ind1=" " ind2=" ">
      <marc:subfield code="a">37 p. : </marc:subfield>
      <marc:subfield code="b">ill. en coul.</marc:subfield>
    </marc:datafield>
    <marc:datafield tag="500" ind1=" " ind2=" ">
      <marc:subfield code="a">Publ. aussi en anglais sous le titre : Canadian Intellectual Property Office - five-year business strategy, 2017-2022.</marc:subfield>
    </marc:datafield>
    <marc:datafield tag="500" ind1=" " ind2=" ">
      <marc:subfield code="a">Titre de la couv.</marc:subfield>
    </marc:datafield>
    <marc:datafield tag="500" ind1=" " ind2=" ">
      <marc:subfield code="a">Le n° de catalogue (Iu71-1/2-2017) et l’ISBN (978-0-660-08795-5) de l'édition imprimée bilingue ont été copiés dans cette publication électronique.</marc:subfield>
    </marc:datafield>
    <marc:datafield tag="520" ind1=" " ind2=" ">
      <marc:subfield code="a">« L'OPIC a pour objectif de fournir un régime de PI moderne, efficace, accessible et conforme aux pratiques exemplaires internationales. Nous sommes fiers d'être une organisation crédible, bien gérée et axée sur le service qui investit continuellement dans sa main-d'œuvre hautement qualifiée et compétente et dans l'amélioration de ses processus et services au profit de ses clients. Ces cinq priorités stratégiques orienteront nos activités au cours des cinq prochaines années. Nous allons : contribuer à promouvoir l'innovation en améliorant le régime de PI au Canada et ailleurs dans le monde; continuer à améliorer la qualité, la rapidité et l'efficacité des droits de PI que nous accordons; fournir aux innovateurs canadiens les connaissances sur la PI dont ils ont besoin pour réussir; offrir un service moderne qui répond aux besoins de nos clients; favoriser une organisation souple et très performante »--Message de la présidente, p. 8.</marc:subfield>
    </marc:datafield>
    <marc:datafield tag="530" ind1=" " ind2=" ">
      <marc:subfield code="a">Également publ. en version imprimée bilingue.</marc:subfield>
    </marc:datafield>
    <marc:datafield tag="692" ind1="0" ind2="7">
      <marc:subfield code="2">gccst</marc:subfield>
      <marc:subfield code="a">Institution fédérale</marc:subfield>
    </marc:datafield>
    <marc:datafield tag="692" ind1="0" ind2="7">
      <marc:subfield code="2">gccst</marc:subfield>
      <marc:subfield code="a">Gestion stratégique</marc:subfield>
    </marc:datafield>
    <marc:datafield tag="775" ind1="0" ind2="8">
      <marc:subfield code="t">Canadian Intellectual Property Office - five-year business strategy, 2017-2022 </marc:subfield>
      <marc:subfield code="w">(CaOODSP)9.838200</marc:subfield>
    </marc:datafield>
    <marc:datafield tag="776" ind1="0" ind2="#">
      <marc:subfield code="t">Stratégie d'affaires de l'OPIC 2017-2022  </marc:subfield>
      <marc:subfield code="w">(CaOODSP)9.838199</marc:subfield>
    </marc:datafield>
    <marc:datafield tag="794" ind1=" " ind2=" ">
      <marc:subfield code="t">Office de la propriété intellectuelle du Canada : </marc:subfield>
      <marc:subfield code="w">(CaOODSP)9.920506</marc:subfield>
    </marc:datafield>
    <marc:datafield tag="795" ind1=" " ind2=" ">
      <marc:subfield code="t">Stratégie d'affaires de l'OPIC 2012-2017 </marc:subfield>
      <marc:subfield code="w">(CaOODSP)9.640241</marc:subfield>
    </marc:datafield>
    <marc:datafield tag="856" ind1="4" ind2="0">
      <marc:subfield code="q">PDF</marc:subfield>
      <marc:subfield code="s">1.57 Mo</marc:subfield>
      <marc:subfield code="u">https://publications.gc.ca/collections/collection_2017/opic-cipo/Iu71-1-2-2017-fra.pdf</marc:subfield>
    </marc:datafield>
  </marc:record>
</marc:collection>
